Vista normal
Vista MARC
Entrada Materia (personas)
Número de registros utilizados en: 1
001 - CONTROL NUMBER
- control field: 68043
003 - CONTROL NUMBER IDENTIFIER
- control field: Co-BoUCM
005 - DATE AND TIME OF LATEST TRANSACTION
- control field: 20150319143619.0
008 - FIXED-LENGTH DATA ELEMENTS
- fixed length control field: 150319|| aca||aabn | a|a d
040 ## - CATALOGING SOURCE
- Original cataloging agency: Co-BoUCM
- Transcribing agency: Co-BoUCM
100 ## - HEADING--PERSONAL NAME
- Personal name: Luque, S. Mario
- Relator term: traductor
670 ## - SOURCE DATA FOUND
- Source citation: Work cat.: (Co-BoUCM)44742: Hesse, Hermann 1877 - 1962 68039, El juego de los abalorios, 2012